| 000 | 01279nam a2200325 a 4500 | ||
|---|---|---|---|
| 001 | ebr10076747 | ||
| 003 | CaPaEBR | ||
| 006 | m u | ||
| 007 | cr cn||||||||| | ||
| 008 | 020226s2003 enk sb 001 0 eng | ||
| 015 | _aGBA2-W4504 | ||
| 020 | _z0761951741 | ||
| 020 | _z076195175X (pbk.) | ||
| 040 |
_aCaPaEBR _cCaPaEBR |
||
| 035 | _a(OCoLC)70773977 | ||
| 050 | 1 | 4 |
_aHM623 _b.G73 2003eb |
| 100 | 1 |
_aGray, Ann, _d1946- |
|
| 245 | 1 | 0 |
_aResearch practice for cultural studies _h[electronic resource] : _bethnographic methods and lived cultures / _cAnn Gray. |
| 260 |
_aLondon ; _aThousand Oaks, Calif. : _bSAGE, _c2003. |
||
| 300 | _a207 p. | ||
| 504 | _aIncludes bibliographical references (p. [191]-198) and index. | ||
| 533 |
_aElectronic reproduction. _bPalo Alto, Calif. : _cebrary, _d2013. _nAvailable via World Wide Web. _nAccess may be limited to ebrary affiliated libraries. |
||
| 650 | 0 |
_aCulture _xResearch. |
|
| 650 | 0 |
_aCulture _xStudy and teaching. |
|
| 650 | 0 |
_aSocial sciences _xResearch _xMethodology. |
|
| 650 | 0 |
_aEthnology _xMethodology. |
|
| 655 | 7 |
_aElectronic books. _2local |
|
| 710 | 2 | _aebrary, Inc. | |
| 856 | 4 | 0 |
_uhttp://site.ebrary.com/lib/rucke/Doc?id=10076747 _zAn electronic book accessible through the World Wide Web; click to view |
| 999 |
_c53987 _d53987 |
||